Τα δίκαια του Ελληνισμού εν Μακεδονία και Θράκη
Αποθηκεύτηκε σε:
| Συγγραφή απο Οργανισμό/Αρχή: | |
|---|---|
| Μορφή: | Βιβλίο |
| Γλώσσα: | Greek |
| Δημοσίευση: |
Αθήνα :
Πελεκάνος,
1895
|
| Σειρά: | Οδός Βορρά
|
| Θέματα: | |
| Ετικέτες: |
Προσθήκη ετικέτας
Δεν υπάρχουν, Καταχωρήστε ετικέτα πρώτοι!
|
MARC
| LEADER | 00000nam a2200000 i 4500 | ||
|---|---|---|---|
| 001 | 1/99292 | ||
| 008 | 950327s1895 gre d | ||
| 020 | |a 960-400-012-8 | ||
| 035 | |l 10011250 | ||
| 040 | |a GR-MY-UA |b gre |e aacr | ||
| 041 | 0 | |a gre | |
| 082 | 0 | |a 938.94 | |
| 110 | 2 | |a Εταιρεία ο "Ελληνισμός". | |
| 245 | 1 | 3 | |a Τα δίκαια του Ελληνισμού εν Μακεδονία και Θράκη / |c Εταιρεία ο Ελληνισμός |
| 260 | |a Αθήνα : |b Πελεκάνος, |c 1895 | ||
| 300 | |a 72 σ. | ||
| 490 | 1 | |a Οδός Βορρά |v ; 12 | |
| 650 | 0 | 0 | |a Macedonian question |x History. |
| 651 | 0 | |a Greece |x Foreign economic relations |z Bulgaria. | |
| 830 | 0 | |a Οδός Βορρά | |
| 852 | |a INST |b LESVOS |e 19950327 |h 938.94 ΕΤΑ |p 005100002061 |q 005100002061 |t BK |y 0 | ||
| 909 | |a Λ |b 036989 | ||